Targeted Delivery of Pesticides Using Biodegradable Polymeric Nanoparticles / (Record no. 938)

MARC details
000 -LEADER
fixed length control field 02941nam a22004337a 4500
005 - DATE AND TIME OF LATEST TRANSACTION
control field 20240201072851.0
008 - FIXED-LENGTH DATA ELEMENTS--GENERAL INFORMATION
fixed length control field 240201b |||||||| |||| 00| 0 eng d
020 ## - INTERNATIONAL STANDARD BOOK NUMBER
International Standard Book Number 9788132216896
040 ## - CATALOGING SOURCE
Original cataloging agency DLC
Language of cataloging eng
Description conventions pn
Transcribing agency KMU
Modifying agency KMU
050 ## - LIBRARY OF CONGRESS CALL NUMBER
Classification number TP 248.P47 Tar
100 1# - MAIN ENTRY--PERSONAL NAME
Personal name De, Arnab,
Relator term author.
245 10 - TITLE STATEMENT
Title Targeted Delivery of Pesticides Using Biodegradable Polymeric Nanoparticles /
Statement of responsibility, etc. by Arnab De, Rituparna Bose, Ajeet Kumar, Subho Mozumdar.
250 ## - EDITION STATEMENT
Edition statement 1st ed. 2014.
264 #1 - PRODUCTION, PUBLICATION, DISTRIBUTION, MANUFACTURE, AND COPYRIGHT NOTICE
Place of production, publication, distribution, manufacture New Delhi :
Name of producer, publisher, distributor, manufacturer Springer India :
-- Imprint: Springer,
Date of production, publication, distribution, manufacture, or copyright notice 2014.
300 ## - PHYSICAL DESCRIPTION
Extent 1 online resource (XXIII, 99 pages 24 illustrations)
336 ## - CONTENT TYPE
Content type term text
Content type code txt
Source rdacontent
337 ## - MEDIA TYPE
Media type term computer
Media type code c
Source rdamedia
338 ## - CARRIER TYPE
Carrier type term online resource
Carrier type code cr
Source rdacarrier
347 ## - DIGITAL FILE CHARACTERISTICS
File type text file
Encoding format PDF
Source rda
490 1# - SERIES STATEMENT
Series statement SpringerBriefs in Molecular Science,
International Standard Serial Number 2191-5407
505 0# - FORMATTED CONTENTS NOTE
Formatted contents note Introduction -- World-wide Pesticide Use -- Pesticide Application in India -- Food Contamination and Wastage by Insects -- Pesticide Formulations -- Trends and Limitations in Chemical-based Pest Management -- Biological Control of Insect Pests -- Management of Insect-pests Using Nanotechnology as Modern Approaches -- A Brief Overview of Nanotechnology -- Nanoparticulate Delivery Systems -- Nanoparticulate Formulations for Pesticide Applications -- Characterization and in vitro Release Techniques for Nanoparticulate Systems -- Reference.
520 ## - SUMMARY, ETC.
Summary, etc. The brief is the first to focus exclusively on environmentally friendly delivery of pesticides (controlled-release nanoparticulate formulation of pesticides using biodegradable polymers as carriers). The brief also introduces pesticides like Chlorpyrifos and biodegradable polymers like guar-gum. The brief will be extremely useful to the researchers in the field of agrochemicals and will be equally useful for advanced professionals in the field of biology, chemistry, environmental biology, entomology and horticulture.
588 ## - SOURCE OF DESCRIPTION NOTE
Source of description note Description based on publisher-supplied MARC data.
650 #0 - SUBJECT ADDED ENTRY--TOPICAL TERM
Topical term or geographic name entry element Bioorganic chemistry.
650 #0 - SUBJECT ADDED ENTRY--TOPICAL TERM
Topical term or geographic name entry element Environmental chemistry.
650 #0 - SUBJECT ADDED ENTRY--TOPICAL TERM
Topical term or geographic name entry element Nanochemistry.
650 14 - SUBJECT ADDED ENTRY--TOPICAL TERM
Topical term or geographic name entry element Bioorganic Chemistry.
Authority record control number or standard number https://scigraph.springernature.com/ontologies/product-market-codes/C19010
650 24 - SUBJECT ADDED ENTRY--TOPICAL TERM
Topical term or geographic name entry element Environmental Chemistry.
Authority record control number or standard number https://scigraph.springernature.com/ontologies/product-market-codes/U15000
650 24 - SUBJECT ADDED ENTRY--TOPICAL TERM
Topical term or geographic name entry element Nanochemistry.
Authority record control number or standard number https://scigraph.springernature.com/ontologies/product-market-codes/C33000
700 1# - ADDED ENTRY--PERSONAL NAME
Personal name Bose, Rituparna,
Relator term author.
700 1# - ADDED ENTRY--PERSONAL NAME
Personal name Kumar, Ajeet,
Relator term author.
700 1# - ADDED ENTRY--PERSONAL NAME
Personal name Mozumdar, Subho,
Relator term author.
776 08 - ADDITIONAL PHYSICAL FORM ENTRY
Relationship information Print version:
Title Targeted delivery of pesticides using biodegradable polymeric nanoparticles.
International Standard Book Number 9788132216889
Record control number (DLC) 2013951797
776 08 - ADDITIONAL PHYSICAL FORM ENTRY
Relationship information Printed edition:
International Standard Book Number 9788132216889
776 08 - ADDITIONAL PHYSICAL FORM ENTRY
Relationship information Printed edition:
International Standard Book Number 9788132216902
830 #0 - SERIES ADDED ENTRY--UNIFORM TITLE
Uniform title SpringerBriefs in Molecular Science,
International Standard Serial Number 2191-5407
906 ## - LOCAL DATA ELEMENT F, LDF (RLIN)
a 0
b ibc
c origres
d u
e ncip
f 20
g y-gencatlg
942 ## - ADDED ENTRY ELEMENTS (KOHA)
Source of classification or shelving scheme Library of Congress Classification
Koha item type Non-Fiction
Suppress in OPAC No
Holdings
Withdrawn status Lost status Source of classification or shelving scheme Damaged status Not for loan Collection Home library Current library Shelving location Date acquired Source of acquisition Total Checkouts Full call number Barcode Date last seen Price effective from Koha item type
    Library of Congress Classification     Non-fiction Kapasa Makasa University Kapasa Makasa University Open Access 01.02.2024 Book Aid International   TP 248.P47 Tar 746333 01.02.2024 01.02.2024 Non-Fiction